Geotechnics, level IV /

Bibliographic Details
Main Author: Williams, A. G. (Arthur G.), 1926-
Format: Book
Language:English
Published: New York : Van Nostrand Reinhold Co., 1982.
Series:Higher technical education courses.
Subjects:

MARC

Tag First Indicator Second Indicator Subfields
LEADER 00000cam a22000008a 4500
001 in00000081219
005 20151215110307.0
008 810901s1982 nyua b 00110 eng
010 |a  81014796  
020 |a 0442303491 
020 |a 0442303505 (pbk.) 
035 |a (OCoLC)07795344 
035 |9 AAJ7037AM 
039 0 |a 2  |b 3  |c 3  |d 3  |e 3 
040 |a DLC  |c DLC  |d TXA  |d UtOrBLW 
049 |a TXAM  |c [1443014] 
050 0 0 |a TA706  |b .W54 
082 0 |a 624.1/51  |2 19 
100 1 |a Williams, A. G.  |q (Arthur G.),  |d 1926- 
245 1 0 |a Geotechnics, level IV /  |c A.G. Williams. 
263 |a 8112 
264 1 |a New York :  |b Van Nostrand Reinhold Co.,  |c 1982. 
300 |a xvii, 365 pages :  |b illustrations ;  |c 24 cm. 
336 |a text  |b txt  |2 rdacontent 
337 |a unmediated  |b n  |2 rdamedia 
338 |a volume  |b nc  |2 rdacarrier 
490 1 |a Higher technical education courses 
504 |a Includes bibliographical references and index. 
650 0 |a Rock mechanics. 
650 0 |a Soil mechanics. 
830 0 |a Higher technical education courses. 
999 |a MARS 
999 f f |s 82611159-1b68-3cf5-af92-36f734ab3ba1  |i 3d89d128-b172-361c-bfac-fde5b469bb4a  |t 0 
952 f f |p ric  |a Texas A&M University  |b Rellis Campus  |c Joint Library Facility  |d Remote Storage  |t 0  |e TA706 .W54  |h Library of Congress classification  |i unmediated -- volume  |m A14806243784 
998 f f |a TA706 .W54  |t 0  |l Remote Storage